První kvíz pro malé děti /

Hlavní autor: Podgórska, Anna
Korporativní autor: Shutterstock (firma)
Další autoři: Gołąbek, Ewa
Jazyk: Čeština
Vydáno: Ostrava : Aksjomat, 2017
Témata:
Fyzický popis: 76 stran : barevné ilustrace ; 15 cm
Knihy
Uloženo v:
LEADER 01757nam a2200481 i 4500
001 nkc20172899199
003 CZ PrNK
005 20170822131021.0
007 ta
008 170530s2017 xr a a 000 0 cze
015 |a cnb002899199 
020 |a 978-80-87845-51-6  |q (kroužková vazba) 
035 |a (OCoLC)993637193 
040 |a ABA001  |b cze  |e rda 
041 1 |a cze  |h pol 
072 7 |a 0/9-053.2  |x Literatura pro děti a mládež (naučná)  |2 Konspekt  |9 26 
080 |a 316.346.32-053.4  |2 MRF 
080 |a 379.82/.84  |2 MRF 
080 |a (0.053.2)  |2 MRF 
100 1 |a Podgórska, Anna  |7 xx0186478  |4 aut 
245 1 0 |a První kvíz pro malé děti /  |c text originálu Anna Podgórska ; úprava textu a překlad Ewa Gołąbek ; fotografie Shutterstock.com 
264 1 |a Ostrava :  |b Aksjomat,  |c 2017 
300 |a 76 stran :  |b barevné ilustrace ;  |c 15 cm 
336 |a text  |b txt  |2 rdacontent 
336 |a statický obraz  |b sti  |2 rdacontent 
337 |a bez média  |b n  |2 rdamedia 
338 |a svazek  |b nc  |2 rdacarrier 
500 |a Přeloženo z polštiny? 
500 |a Název z obálky 
500 |a Tištěno napříč 
521 8 |a Určeno pro věk 2-3 roky 
650 0 7 |a děti předškolního věku  |7 ph119710  |2 czenas 
650 0 7 |a dovednosti a znalosti  |7 ph124546  |2 czenas 
650 0 9 |a preschool children  |2 eczenas 
650 0 9 |a ability and knowledge  |2 eczenas 
655 7 |a publikace pro děti  |7 fd133156  |2 czenas 
655 9 |a children's literature  |2 eczenas 
700 1 |a Gołąbek, Ewa  |7 pag2014832339  |4 edt  |4 trl 
710 2 |a Shutterstock (firma)  |7 kn20091005003  |4 pht 
910 2 |a BOA001  |b 1-1393.195 
990 |a BK 
995 |a 01 
996 6 |b 2610715961  |c 1-1393.195  |l MZK  |r Sklad / do 1 hodiny  |n 0  |p p.v.  |w 001626022  |u 000010  |a 1  |e BOA001  |j MZK50  |s P